000 00963nam a22003375a 4500
001 58537
003 CO-BoRNBP
005 20250826162403.0
007 ta
008 231106s2022 ck g 000 1dspa d
020 _a9789585155398
040 _aCO-BoBLA
_bspa
_cCO-BoBLA
_erda
041 0 _aspa
043 _as-ve---
082 0 4 _aV863.7
_bG63f
_221
084 _aN GOD
100 1 _aGodoy, Ariana,
_d1990.
_963449
245 1 0 _aFleur :
_bmi desesperada decisión /
_cAriana Godoy.
250 _a1a. edición
264 1 _aBogotá :
_aBarcelona :
_bWattpad,
_c2022.
300 _a334 páginas ;
_c22 cm.
336 _atexto
_btxt
_2rdacontent
337 _asin mediacion
_bn
_2rdamedia
338 _avolumen
_bnc
_2rdacarrier
490 1 _aSaga darks ;
_v0
650 7 _aNovela venezolana.
_2BLAAUTO
650 7 _aAsesinato en la literatura.
_2BLAAUTO
_963450
650 7 _aFamilia en la literatura.
_2BLAAUTO
_91235
942 _2ddc
_cBK
949 _an
_bn
999 _c58537
_d58537